Bayangan kelipan bintang

Bibliographic Details
Main Author: S. Shahril
Format: Book
Published: Selangor : Pustaka Angsana , 2003
Series:Siri novel menggapai impian
Subjects:

MARC

LEADER 00000cam a2200000 7i4500
001 0000000594
005 20160330.0
008 070702
020 |a 9830212327(set) 
020 |a 983021236X 
090 0 0 |a SSH   |b MAL 
100 0 |a S. Shahril 
245 1 0 |a Bayangan kelipan bintang   |c S. Shahril 
260 |a Selangor :   |b Pustaka Angsana ,   |c 2003 
440 0 |a Siri novel menggapai impian 
500 |a Teenager ages 13-18 years old (blue) 
650 0 |a Malay fiction 
999 |a 0000007833   |b Book   |c Children Collection   |e Cawangan Taman Universiti 
999 |a 0000007834   |b Book   |c Children Collection   |e Cawangan Taman Universiti 
999 |a 0000007835   |b Book   |c Children Collection   |e Cawangan Taman Universiti 
999 |a 0000007836   |b Book   |c Children Collection   |e Cawangan Taman Universiti 
999 |a 0000886182   |b Book   |c Teenagers   |e Cawangan Mersing 
999 |a 0000958909   |b Book   |c Teenagers   |e Perbadanan Perpustakaan Awam Johor 
999 |a 0000958912   |b Book   |c Teenagers   |e Perbadanan Perpustakaan Awam Johor 
999 |a 0001054660   |b Book   |c Children Collection   |e Cawangan Taman Universiti 
999 |a 0001054661   |b Book   |c Teenagers   |e Cawangan Segamat 
999 |a 0001054662   |b Book   |c Children Collection   |e Cawangan Taman Universiti 
999 |a 000886184   |b Book   |c Adult Collection   |e Cawangan Muar